Normal view
MARC view
- العقود -- قوانين وانظمة
Entry Topical Term
001 - CONTROL NUMBER
- control field: 53172
003 - CONTROL NUMBER IDENTIFIER
- control field: JO-AjAnu
005 - DATE AND TIME OF LATEST TRANSACTION
- control field: 20230606082732.0
008 - FIXED-LENGTH DATA ELEMENTS
- fixed length control field: 230606|| aca||aabn | a|a d
040 ## - CATALOGING SOURCE
- Original cataloging agency: JO-AjAnu
- Transcribing agency: JO-AjAnu
150 ## - HEADING--TOPICAL TERM
- Topical term or geographic name entry element: العقود -- قوانين وانظمة
670 ## - SOURCE DATA FOUND
- Source citation: Work cat.: (JO-AjAnu)27166: الحمادي ، مال الله جعفر عبد الملك, author 53171, حقوق وضمانات المتقاعد مع الإدارة والتحكيم في العقد الإداري " دراسة مقارنة "